[Event "I Liga Centralne Srbije"]
[Site "Bajina Bašta, Serbia"]
[Date "2020.10.13"]
[Round "6.3"]
[White "Djoric, Dusan"]
[Black "Spasic, Petar"]
[Result "1/2-1/2"]
[WhiteElo "2303"]
[BlackElo "2251"]
[Annotator "Knez"]
[PlyCount "71"]
[EventDate "2020.??.??"]
[TimeControl "90"]
[WhiteClock "0:01:49"]
[BlackClock "0:14:45"]

1. d4 {[%emt 0:00:00]} c5 {[%emt 0:00:00]} 2. dxc5 {[%emt 0:00:00]} e6 {
[%emt 0:00:00]} 3. Nc3 {[%emt 0:00:00]} Bxc5 {[%emt 0:00:00]} 4. Ne4 {[%emt 0:
00:00]} d5 {[%emt 0:00:00]} 5. Nxc5 {[%emt 0:00:00]} Qa5+ {[%emt 0:00:00]} 6.
c3 {[%emt 0:00:00]} Qxc5 {[%emt 0:00:00]} 7. Qd4 {[%emt 0:00:00]} Qxd4 {
[%emt 0:00:00]} 8. cxd4 {[%emt 0:00:00]} Nc6 {[%emt 0:00:00]} 9. e3 {[%emt 0:
00:00]} Nge7 {[%emt 0:00:00]} 10. Bd2 {[%emt 0:00:00]} f6 {[%emt 0:00:00]} 11.
Nf3 {[%emt 0:00:00]} O-O {[%emt 0:00:00]} 12. Bd3 {[%emt 0:00:00]} e5 {[%emt 0:
00:00]} 13. dxe5 {[%emt 0:00:00]} fxe5 {[%emt 0:00:00]} 14. e4 {[%emt 0:00:00]}
dxe4 {[%emt 0:00:00]} 15. Bxe4 {[%emt 0:00:00]} Bf5 {[%emt 0:00:00]} 16. Ng5 {
[%emt 0:00:00]} Rad8 {[%emt 0:00:00]} 17. Bxf5 {[%emt 0:00:00]} Rxf5 {[%emt 0:
00:00]} 18. Ne4 {[%emt 0:00:00]} Nd5 {[%emt 0:00:00]} 19. O-O-O {[%emt 0:00:00]
} Nf6 {[%emt 0:00:00]} 20. Nxf6+ {[%emt 0:00:00]} Rxf6 {[%emt 0:00:00]} 21. Be3
{[%emt 0:00:00]} Rfd6 {[%emt 0:00:00]} 22. Rxd6 {[%emt 0:00:00]} Rxd6 {[%emt 0:
00:00]} 23. f3 {[%emt 0:00:00]} Kf7 {[%emt 0:00:00]} 24. a3 {[%emt 0:00:00]}
Ke6 {[%emt 0:00:00]} 25. Kc2 {[%emt 0:00:00]} b6 {[%emt 0:00:00]} 26. Re1 {
[%emt 0:00:00]} h5 {[%emt 0:00:00]} 27. h3 {[%emt 0:00:00]} Rd7 {[%emt 0:00:00]
} 28. Re2 {[%emt 0:00:00]} h4 {[%emt 0:00:00]} 29. Rd2 {[%emt 0:00:00]} Rc7 {
[%emt 0:00:00]} 30. Kd3 {[%emt 0:00:00]} Kf5 {[%emt 0:00:00]} 31. Rc2 {[%emt 0:
00:00]} Rd7+ {[%emt 0:00:00]} 32. Ke2 {[%emt 0:00:00]} Ne7 {[%emt 0:00:00]} 33.
Rc4 {[%emt 0:00:00]} Ng6 {[%emt 0:00:00]} 34. Rg4 {[%emt 0:00:00]} Rc7 {
[%emt 0:00:00]} 35. Kd2 {[%emt 0:00:00]} Rd7+ {[%emt 0:00:00]} 36. Ke2 {
[%emt 0:00:00]} 1/2-1/2

[Event "I Liga Centralne Srbije"]
[Site "Bajina Bašta, Serbia"]
[Date "2020.10.13"]
[Round "6.3"]
[White "Djordjevic, Miroslav"]
[Black "Bozic, Milan"]
[Result "0-1"]
[WhiteElo "1885"]
[BlackElo "2270"]
[Annotator "Knez"]
[PlyCount "78"]
[EventDate "2020.??.??"]
[TimeControl "90"]
[WhiteClock "0:55:20"]
[BlackClock "0:00:33"]

1. f4 {[%emt 0:00:00]} c5 {[%emt 0:00:00]} 2. Nf3 {[%emt 0:00:00]} Nc6 {
[%emt 0:00:00]} 3. e3 {[%emt 0:00:00]} Nf6 {[%emt 0:00:00]} 4. d3 {[%emt 0:00:
00]} d6 {[%emt 0:00:00]} 5. e4 {[%emt 0:00:00]} g6 {[%emt 0:00:00]} 6. Be2 {
[%emt 0:00:00]} Bg7 {[%emt 0:00:00]} 7. O-O {[%emt 0:00:00]} O-O {[%emt 0:00:
00]} 8. c3 {[%emt 0:00:00]} c4 {[%emt 0:00:00]} 9. Na3 {[%emt 0:00:00]} cxd3 {
[%emt 0:00:00]} 10. Bxd3 {[%emt 0:00:00]} a6 {[%emt 0:00:00]} 11. Qe1 {[%emt 0:
00:00]} b5 {[%emt 0:00:00]} 12. Nc2 {[%emt 0:00:00]} Bb7 {[%emt 0:00:00]} 13.
a4 {[%emt 0:00:00]} bxa4 {[%emt 0:00:00]} 14. Rxa4 {[%emt 0:00:00]} a5 {
[%emt 0:00:00]} 15. Qh4 {[%emt 0:00:00]} Nd7 {[%emt 0:00:00]} 16. f5 {[%emt 0:
00:00]} Bf6 {[%emt 0:00:00]} 17. Bg5 {[%emt 0:00:00]} Nce5 {[%emt 0:00:00]} 18.
Bxf6 {[%emt 0:00:00]} exf6 {[%emt 0:00:00]} 19. Nxe5 {[%emt 0:00:00]} Nxe5 {
[%emt 0:00:00]} 20. Rd4 {[%emt 0:00:00]} Kg7 {[%emt 0:00:00]} 21. Ne1 {[%emt 0:
00:00]} g5 {[%emt 0:00:00]} 22. Qh5 {[%emt 0:00:00]} h6 {[%emt 0:00:00]} 23.
Nf3 {[%emt 0:00:00]} Nxd3 {[%emt 0:00:00]} 24. Rxd3 {[%emt 0:00:00]} Ba6 {
[%emt 0:00:00]} 25. Nd4 {[%emt 0:00:00]} Qb6 {[%emt 0:00:00]} 26. Rh3 {[%emt 0:
00:00]} Rh8 {[%emt 0:00:00]} 27. Rf2 {[%emt 0:00:00]} Kf8 {[%emt 0:00:00]} 28.
Rg3 {[%emt 0:00:00]} Ke7 {[%emt 0:00:00]} 29. h3 {[%emt 0:00:00]} a4 {[%emt 0:
00:00]} 30. Nc2 {[%emt 0:00:00]} Qxb2 {[%emt 0:00:00]} 31. Nb4 {[%emt 0:00:00]}
Qc1+ {[%emt 0:00:00]} 32. Kh2 {[%emt 0:00:00]} Bb7 {[%emt 0:00:00]} 33. Nd5+ {
[%emt 0:00:00]} Bxd5 {[%emt 0:00:00]} 34. exd5 {[%emt 0:00:00]} a3 {[%emt 0:00:
00]} 35. Re2+ {[%emt 0:00:00]} Kf8 {[%emt 0:00:00]} 36. Rge3 {[%emt 0:00:00]}
Rh7 {[%emt 0:00:00]} 37. Re7 {[%emt 0:00:09]} Qf4+ {[%emt 0:00:00]} 38. g3 {
[%emt 0:00:30]} Qxf5 {[%emt 0:00:00]} 39. Rxf7+ {[%emt 0:00:18]} Rxf7 {[%emt 0:
00:00]} 0-1

[Event "I Liga Centralne Srbije"]
[Site "Bajina Bašta, Serbia"]
[Date "2020.10.13"]
[Round "6.3"]
[White "Popovic, Nenad"]
[Black "Milic, Slobodan"]
[Result "1-0"]
[WhiteElo "2249"]
[BlackElo "1888"]
[Annotator "Knez"]
[PlyCount "79"]
[EventDate "2020.??.??"]
[TimeControl "90"]
[WhiteClock "0:00:31"]
[BlackClock "0:35:26"]

1. d4 {[%emt 0:00:00]} d5 {[%emt 0:00:00]} 2. c4 {[%emt 0:00:00]} c6 {[%emt 0:
00:00]} 3. e3 {[%emt 0:00:00]} Nf6 {[%emt 0:00:00]} 4. Bd3 {[%emt 0:00:00]} e6
{[%emt 0:00:00]} 5. Nd2 {[%emt 0:00:00]} Be7 {[%emt 0:00:00]} 6. Ngf3 {[%emt 0:
00:00]} Nbd7 {[%emt 0:00:00]} 7. Qc2 {[%emt 0:00:00]} dxc4 {[%emt 0:00:00]} 8.
Nxc4 {[%emt 0:00:00]} c5 {[%emt 0:00:00]} 9. b3 {[%emt 0:00:00]} cxd4 {[%emt 0:
00:00]} 10. Nxd4 {[%emt 0:00:00]} Bb4+ {[%emt 0:00:00]} 11. Kf1 {[%emt 0:00:00]
} O-O {[%emt 0:00:00]} 12. a3 {[%emt 0:00:00]} Be7 {[%emt 0:00:00]} 13. Bb2 {
[%emt 0:00:00]} a6 {[%emt 0:00:00]} 14. b4 {[%emt 0:00:00]} Qc7 {[%emt 0:00:00]
} 15. Qb3 {[%emt 0:00:00]} b5 {[%emt 0:00:00]} 16. Na5 {[%emt 0:00:00]} Nb6 {
[%emt 0:00:00]} 17. Rc1 {[%emt 0:00:00]} Qd7 {[%emt 0:00:00]} 18. Rd1 {[%emt 0:
00:00]} Qe8 {[%emt 0:00:00]} 19. Nf3 {[%emt 0:00:00]} Bd7 {[%emt 0:00:44]} 20.
Bd4 {[%emt 0:00:00]} Nbd5 {[%emt 0:00:00]} 21. g3 {[%emt 0:00:00]} Bd8 {
[%emt 0:00:00]} 22. Nb7 {[%emt 0:00:00]} Bb6 {[%emt 0:00:00]} 23. e4 {[%emt 0:
00:00]} Bxd4 {[%emt 0:00:00]} 24. Nxd4 {[%emt 0:00:00]} Ne7 {[%emt 0:00:04]}
25. Nc5 {[%emt 0:00:00]} Nc6 {[%emt 0:00:10]} 26. Ne2 {[%emt 0:00:00]} Rd8 {
[%emt 0:00:01]} 27. Nxa6 {[%emt 0:00:00]} Ne5 {[%emt 0:00:00]} 28. Bb1 {
[%emt 0:00:00]} Bc6 {[%emt 0:00:00]} 29. Nc5 {[%emt 0:00:00]} Qe7 {[%emt 0:00:
00]} 30. Nd4 {[%emt 0:00:00]} Ba8 {[%emt 0:00:00]} 31. Kg2 {[%emt 0:00:00]}
Nfd7 {[%emt 0:00:00]} 32. f4 {[%emt 0:00:00]} Ng4 {[%emt 0:00:00]} 33. Qc3 {
[%emt 0:00:00]} Nxc5 {[%emt 0:00:59]} 34. bxc5 {[%emt 0:00:00]} Rc8 {[%emt 0:
00:00]} 35. Rc1 {[%emt 0:00:00]} Rfd8 {[%emt 0:00:00]} 36. Nxb5 {[%emt 0:00:00]
} f5 {[%emt 0:00:00]} 37. Nd6 {[%emt 0:00:00]} Rc7 {[%emt 0:00:00]} 38. Rhe1 {
[%emt 0:00:00]} g5 {[%emt 0:00:00]} 39. Nxf5 {[%emt 0:00:00]} Qf8 {[%emt 0:00:
00]} 40. Ba2 {[%emt 0:00:00]} 1-0

[Event "I Liga Centralne Srbije"]
[Site "Bajina Bašta, Serbia"]
[Date "2020.10.13"]
[Round "6.4"]
[White "Dimitrov, Radoslav"]
[Black "Brenjo, Slavisa"]
[Result "0-1"]
[WhiteElo "2507"]
[BlackElo "2412"]
[Annotator "Knez"]
[PlyCount "146"]
[EventDate "2020.??.??"]
[TimeControl "90"]
[WhiteClock "0:01:05"]
[BlackClock "0:02:53"]

1. b3 {[%emt 0:00:00]} e5 {[%emt 0:00:00]} 2. Bb2 {[%emt 0:00:00]} Nc6 {
[%emt 0:00:00]} 3. e3 {[%emt 0:00:00]} d5 {[%emt 0:00:00]} 4. Bb5 {[%emt 0:00:
00]} f6 {[%emt 0:00:00]} 5. c4 {[%emt 0:00:00]} Nge7 {[%emt 0:00:00]} 6. d4 {
[%emt 0:00:00]} exd4 {[%emt 0:00:00]} 7. exd4 {[%emt 0:00:00]} a6 {[%emt 0:00:
00]} 8. Ba4 {[%emt 0:00:00]} Nf5 {[%emt 0:00:00]} 9. Ne2 {[%emt 0:00:00]} dxc4
{[%emt 0:00:00]} 10. bxc4 {[%emt 0:00:00]} Bb4+ {[%emt 0:00:00]} 11. Nbc3 {
[%emt 0:00:00]} O-O {[%emt 0:00:00]} 12. a3 {[%emt 0:00:00]} Ba5 {[%emt 0:00:
00]} 13. d5 {[%emt 0:00:00]} Ne5 {[%emt 0:00:00]} 14. Bb3 {[%emt 0:00:00]} c5 {
[%emt 0:00:00]} 15. Nf4 {[%emt 0:00:00]} Nd6 {[%emt 0:00:00]} 16. Ne6 {[%emt 0:
00:00]} Bxe6 {[%emt 0:00:00]} 17. dxe6 {[%emt 0:00:00]} Ne4 {[%emt 0:00:00]}
18. Qc2 {[%emt 0:00:00]} Nxc3 {[%emt 0:00:00]} 19. Bxc3 {[%emt 0:00:00]} Qd4 {
[%emt 0:00:00]} 20. Bxa5 {[%emt 0:00:00]} Qxa1+ {[%emt 0:00:00]} 21. Qd1 {
[%emt 0:00:00]} Qxd1+ {[%emt 0:00:00]} 22. Kxd1 {[%emt 0:00:00]} Rfe8 {[%emt 0:
00:00]} 23. f4 {[%emt 0:00:00]} Nc6 {[%emt 0:00:00]} 24. Bb6 {[%emt 0:00:00]}
Nd4 {[%emt 0:00:00]} 25. Ba4 {[%emt 0:00:00]} Rxe6 {[%emt 0:00:00]} 26. Bxc5 {
[%emt 0:00:00]} Rd8 {[%emt 0:00:00]} 27. Kc1 {[%emt 0:00:00]} b5 {[%emt 0:00:
37]} 28. Bd1 {[%emt 0:00:00]} bxc4 {[%emt 0:00:00]} 29. Kb2 {[%emt 0:00:00]}
Ne2 {[%emt 0:00:00]} 30. g3 {[%emt 0:00:00]} Rd2+ {[%emt 0:00:00]} 31. Bc2 {
[%emt 0:00:00]} Rc6 {[%emt 0:00:11]} 32. Be3 {[%emt 0:00:00]} Rd8 {[%emt 0:00:
00]} 33. Re1 {[%emt 0:00:00]} c3+ {[%emt 0:00:00]} 34. Ka2 {[%emt 0:00:00]} Nd4
{[%emt 0:00:00]} 35. Rd1 {[%emt 0:00:29]} Rb6 {[%emt 0:00:00]} 36. Bc1 {
[%emt 0:00:00]} Rdd6 {[%emt 0:00:00]} 37. Bd3 {[%emt 0:00:00]} Kf8 {[%emt 0:00:
00]} 38. Bc4 {[%emt 0:00:27]} Rbc6 {[%emt 0:00:00]} 39. Bf1 {[%emt 0:00:00]} c2
{[%emt 0:00:00]} 40. Rd3 {[%emt 0:00:00]} Nb5 {[%emt 0:00:00]} 41. a4 {[%emt 0:
00:00]} Nc3+ {[%emt 0:00:00]} 42. Kb3 {[%emt 0:00:00]} Ne4 {[%emt 0:00:00]} 43.
Rxd6 {[%emt 0:00:00]} Rxd6 {[%emt 0:00:00]} 44. Kxc2 {[%emt 0:00:01]} Rc6+ {
[%emt 0:00:00]} 45. Kb2 {[%emt 0:00:00]} Nc5 {[%emt 0:00:00]} 46. a5 {[%emt 0:
00:00]} Na4+ {[%emt 0:00:00]} 47. Kb1 {[%emt 0:00:00]} Nc3+ {[%emt 0:00:00]}
48. Kb2 {[%emt 0:00:00]} Na4+ {[%emt 0:00:00]} 49. Kb1 {[%emt 0:00:00]} Ke7 {
[%emt 0:00:00]} 50. Bg2 {[%emt 0:00:00]} Rc3 {[%emt 0:00:00]} 51. Bd2 {[%emt 0:
00:00]} Rb3+ {[%emt 0:00:00]} 52. Kc1 {[%emt 0:00:00]} Kd6 {[%emt 0:00:00]} 53.
Be4 {[%emt 0:00:00]} Kc5 {[%emt 0:00:00]} 54. Bxh7 {[%emt 0:00:00]} Kd4 {
[%emt 0:00:01]} 55. Bf5 {[%emt 0:00:00]} Nc5 {[%emt 0:00:00]} 56. Kc2 {[%emt 0:
00:00]} Ra3 {[%emt 0:00:00]} 57. Kd1 {[%emt 0:00:00]} Ra1+ {[%emt 0:00:00]} 58.
Ke2 {[%emt 0:00:00]} Ra2 {[%emt 0:00:00]} 59. Ke1 {[%emt 0:00:00]} Ne4 {
[%emt 0:00:00]} 60. Bb4 {[%emt 0:00:01]} Ke3 {[%emt 0:00:00]} 61. Kf1 {[%emt 0:
00:00]} Kf3 {[%emt 0:00:00]} 62. Bxe4+ {[%emt 0:00:00]} Kxe4 {[%emt 0:00:00]}
63. h4 {[%emt 0:00:00]} Kf3 {[%emt 0:00:00]} 64. Ke1 {[%emt 0:00:00]} Kxg3 {
[%emt 0:00:00]} 65. Bf8 {[%emt 0:00:00]} Kxh4 {[%emt 0:00:00]} 66. Bxg7 {
[%emt 0:00:00]} f5 {[%emt 0:00:00]} 67. Bc3 {[%emt 0:00:00]} Kg4 {[%emt 0:00:
00]} 68. Bd2 {[%emt 0:00:00]} Kf3 {[%emt 0:00:00]} 69. Kd1 {[%emt 0:00:00]} Ke4
{[%emt 0:00:00]} 70. Kc1 {[%emt 0:00:00]} Kd3 {[%emt 0:00:00]} 71. Bb4 {
[%emt 0:00:00]} Ra4 {[%emt 0:00:00]} 72. Bd2 {[%emt 0:00:00]} Ra1+ {[%emt 0:00:
00]} 73. Kb2 {[%emt 0:00:00]} Kxd2 {[%emt 0:00:00]} 0-1

[Event "I Liga Centralne Srbije"]
[Site "Bajina Bašta, Serbia"]
[Date "2020.10.13"]
[Round "6.4"]
[White "Savic, Miodrag R"]
[Black "Vratonjic, Slobo"]
[Result "1/2-1/2"]
[WhiteElo "2433"]
[BlackElo "2341"]
[Annotator "Knez"]
[PlyCount "36"]
[EventDate "2020.??.??"]
[TimeControl "90"]
[WhiteClock "0:46:34"]
[BlackClock "0:40:00"]

1. e4 {[%emt 0:00:00]} c5 {[%emt 0:00:00]} 2. c3 {[%emt 0:00:00]} d6 {[%emt 0:
00:00]} 3. d4 {[%emt 0:00:00]} Nf6 {[%emt 0:00:00]} 4. Bd3 {[%emt 0:00:00]} g6
{[%emt 0:00:00]} 5. Nf3 {[%emt 0:00:00]} Bg7 {[%emt 0:00:00]} 6. O-O {[%emt 0:
00:00]} O-O {[%emt 0:00:00]} 7. Re1 {[%emt 0:00:00]} a6 {[%emt 0:00:00]} 8. h3
{[%emt 0:00:00]} Qc7 {[%emt 0:06:50]} 9. e5 {[%emt 0:00:00]} Nfd7 {[%emt 0:00:
00]} 10. e6 {[%emt 0:00:00]} fxe6 {[%emt 0:00:00]} 11. Ng5 {[%emt 0:00:00]} Nf6
{[%emt 0:00:00]} 12. Qe2 {[%emt 0:00:00]} Kh8 {[%emt 0:00:00]} 13. Nxe6 {
[%emt 0:00:00]} Bxe6 {[%emt 0:00:00]} 14. Qxe6 {[%emt 0:00:00]} cxd4 {[%emt 0:
00:00]} 15. Qxe7 {[%emt 0:00:00]} Nbd7 {[%emt 0:00:00]} 16. Qe2 {[%emt 0:00:00]
} Nb8 {[%emt 0:03:27]} 17. Qe7 {[%emt 0:00:25]} Nbd7 {[%emt 0:00:05]} 18. Qe6 {
[%emt 0:00:04]} Nb8 {[%emt 0:00:00]} 1/2-1/2

[Event "I Liga Centralne Srbije"]
[Site "Bajina Bašta, Serbia"]
[Date "2020.10.13"]
[Round "6.4"]
[White "Radovanovic, Jovica"]
[Black "Ravic, Nenad"]
[Result "1-0"]
[WhiteElo "2303"]
[BlackElo "2241"]
[Annotator "Knez"]
[PlyCount "75"]
[EventDate "2020.??.??"]
[TimeControl "90"]

1. d4 {[%emt 0:18:04]} Nf6 {[%emt 0:01:29]} 2. Nf3 {[%emt 0:00:28]} g6 {
[%emt 0:00:05]} 3. c4 {[%emt 0:00:26]} Bg7 {[%emt 0:00:04]} 4. g3 {[%emt 0:00:
37]} O-O {[%emt 0:00:04]} 5. Bg2 {[%emt 0:00:02]} d6 {[%emt 0:00:04]} 6. O-O {
[%emt 0:00:10]} a6 {[%emt 0:00:04]} 7. Nc3 {[%emt 0:00:09]} Nc6 {[%emt 0:00:05]
} 8. h3 {[%emt 0:00:43]} Rb8 {[%emt 0:00:05]} 9. e4 {[%emt 0:00:14]} b5 {
[%emt 0:00:04]} 10. e5 dxe5 11. dxe5 Qxd1 12. Rxd1 Nd7 13. cxb5 axb5 14. Be3
Nb6 15. Nxb5 Nc4 16. Na7 Nxe3 17. Nxc6 Nxd1 18. Nxb8 Nxb2 19. Nc6 Re8 20. Rb1
Nc4 21. Rb4 Be6 22. a4 Bd5 23. a5 e6 24. Nfd4 Bf8 {[%emt 2:28:23]} 25. Bxd5
exd5 26. Rb7 Bc5 27. a6 Bb6 28. a7 Kf8 29. Nb5 {[%emt 0:30:27]} Bxa7 {[%emt 0:
00:36]} 30. Rxa7 {[%emt 0:09:35]} Nxe5 {[%emt 0:00:12]} 31. Nxe5 {[%emt 0:00:
19]} Rxe5 {[%emt 0:00:02]} 32. Rxc7 {[%emt 0:00:07]} Re1+ {[%emt 0:01:09]} 33.
Kg2 {[%emt 0:00:05]} Rd1 {[%emt 0:01:30]} 34. Nd6 {[%emt 0:00:42]} f5 {[%emt 0:
00:43]} 35. Rxh7 {[%emt 0:00:22]} d4 {[%emt 0:00:07]} 36. Rf7+ {[%emt 0:00:27]}
Kg8 {[%emt 0:00:02]} 37. Rd7 {[%emt 0:00:15]} d3 {[%emt 0:00:09]} 38. Nc4 {
[%emt 0:00:58]} 1-0

[Event "I Liga Centralne Srbije"]
[Site "Bajina Bašta, Serbia"]
[Date "2020.10.13"]
[Round "6.4"]
[White "Djakovac, Enes"]
[Black "Ilic, Dragan"]
[Result "1/2-1/2"]
[WhiteElo "2165"]
[BlackElo "2291"]
[Annotator "Knez"]
[PlyCount "51"]
[EventDate "2020.??.??"]
[TimeControl "90"]
[WhiteClock "0:15:02"]
[BlackClock "0:38:17"]

1. e4 {[%emt 0:00:00]} e6 {[%emt 0:00:00]} 2. d4 {[%emt 0:00:00]} d5 {[%emt 0:
00:00]} 3. Nd2 {[%emt 0:00:00]} Nc6 {[%emt 0:00:00]} 4. Ngf3 {[%emt 0:00:00]}
Nf6 {[%emt 0:00:00]} 5. e5 {[%emt 0:00:00]} Nd7 {[%emt 0:00:00]} 6. Be2 {
[%emt 0:00:00]} f6 {[%emt 0:00:00]} 7. exf6 {[%emt 0:00:00]} Qxf6 {[%emt 0:00:
00]} 8. Nb3 {[%emt 0:00:00]} Bd6 {[%emt 0:00:00]} 9. Bg5 {[%emt 0:00:00]} Qg6 {
[%emt 0:00:00]} 10. h4 {[%emt 0:00:00]} O-O {[%emt 0:00:00]} 11. Bd3 {[%emt 0:
00:00]} Qe8 {[%emt 0:00:00]} 12. Qd2 {[%emt 0:00:00]} e5 {[%emt 0:00:00]} 13.
dxe5 {[%emt 0:00:00]} Ndxe5 {[%emt 0:00:00]} 14. O-O-O {[%emt 0:00:00]} Nxd3+ {
[%emt 0:00:00]} 15. Qxd3 {[%emt 0:00:00]} Nb4 {[%emt 0:00:00]} 16. Qd2 {
[%emt 0:00:00]} Nxa2+ {[%emt 0:00:00]} 17. Kb1 {[%emt 0:00:00]} Nb4 {[%emt 0:
00:00]} 18. Be3 {[%emt 0:00:00]} Qa4 {[%emt 0:00:00]} 19. Qc3 {[%emt 0:00:00]}
b6 {[%emt 0:00:00]} 20. h5 {[%emt 0:00:00]} Qa2+ {[%emt 0:00:00]} 21. Kc1 {
[%emt 0:00:00]} Qa4 {[%emt 0:00:00]} 22. Kb1 {[%emt 0:06:10]} Rxf3 23. gxf3 Bf5
24. Rd2 {[%emt 0:00:03]} c5 {[%emt 0:00:11]} 25. h6 {[%emt 0:00:05]} d4 {
[%emt 0:00:04]} 26. Qc4+ {[%emt 0:00:02]} 1/2-1/2

[Event "PRVA LIGA CS 2020"]
[Site "Bajina basta"]
[Date "2020.10.13"]
[Round "6.5"]
[White "Drenchev, Petar"]
[Black "Kojovic, Dragan"]
[Result "1-0"]
[WhiteElo "2434"]
[BlackElo "2307"]
[PlyCount "75"]
[EventDate "2020.10.10"]
[WhiteTeam "ASK - Arandjelovac"]
[BlackTeam "METALAC - G.Milanovac"]

1. d4 Nf6 2. c4 g6 3. Nc3 d5 4. Nf3 Bg7 5. Qb3 dxc4 6. Qxc4 a6 7. e4 b5 8. Qb3
c5 9. dxc5 Be6 10. Qc2 Nc6 11. Be2 Qc8 12. a3 O-O 13. O-O b4 14. axb4 Nxb4 15.
Qa4 Qb7 16. Nd4 Bd7 17. Qb3 e5 18. Nc2 a5 19. Nxb4 Qxb4 20. Qxb4 axb4 21. Rxa8
Rxa8 22. Nd5 Nxe4 23. Bf3 f5 24. Bxe4 fxe4 25. Nb6 Ra7 26. Nxd7 Rxd7 27. Be3
Kf7 28. Rc1 Ke6 29. c6 Rc7 30. Bb6 Rc8 31. b3 Bh6 32. Rc2 Bf8 33. Kf1 Kd5 34.
c7 Bd6 35. Ke2 Be7 36. Rd2+ Kc6 37. Rd8 Kb7 38. Rxc8 1-0

[Event "PRVA LIGA CS 2020"]
[Site "Bajina basta"]
[Date "2020.10.13"]
[Round "6.5"]
[White "Brkljaca, Ante"]
[Black "Solomunovic, Igor"]
[Result "0-1"]
[WhiteElo "2266"]
[BlackElo "2355"]
[PlyCount "70"]
[EventDate "2020.10.10"]
[WhiteTeam "ASK - Arandjelovac"]
[BlackTeam "METALAC - G.Milanovac"]

1. d4 Nf6 2. Nf3 c5 3. e3 g6 4. c4 Bg7 5. Nc3 O-O 6. Be2 cxd4 7. exd4 d5 8. O-O
Nc6 9. h3 b6 10. Ne5 Bb7 11. Bf3 Na5 12. Bg5 Ne4 13. Bxe4 dxe4 14. b4 Nxc4 15.
Nxc4 Rc8 16. Qb3 Qxd4 17. Bxe7 Qxc4 18. Bxf8 Kxf8 19. Qxc4 Rxc4 20. Nb5 Bxa1
21. Rxa1 Rxb4 22. Nxa7 Rb2 23. a4 Ke7 24. g4 Kf6 25. Rd1 Ke5 26. Rd7 Bd5 27.
Nb5 Be6 28. Rb7 Ra2 29. Nc7 Bc4 30. Rxb6 Rxa4 31. Ne8 f5 32. gxf5 gxf5 33. Nf6
Kf4 34. Nxh7 Ra1+ 35. Kg2 Be2 0-1

[Event "PRVA LIGA CS 2020"]
[Site "Bajina basta"]
[Date "2020.10.13"]
[Round "6.5"]
[White "Rabrenovic, Vladan"]
[Black "Vojinovic, Luka"]
[Result "1/2-1/2"]
[WhiteElo "2302"]
[BlackElo "2271"]
[PlyCount "79"]
[EventDate "2020.10.10"]
[WhiteTeam "METALAC - G.Milanovac"]
[BlackTeam "ASK - Arandjelovac"]

1. d4 d5 2. Bf4 Nf6 3. e3 e6 4. Nf3 c5 5. c3 Be7 6. Nbd2 O-O 7. Bd3 b6 8. Qe2
Bb7 9. Ne5 Nbd7 10. h4 Ne4 11. h5 Rc8 12. Nxe4 dxe4 13. Ba6 Bxa6 14. Qxa6 Nxe5
15. Bxe5 Qd7 16. a4 cxd4 17. exd4 Rfd8 18. Qb5 Qb7 19. a5 f6 20. Bg3 Qd5 21.
Qxd5 Rxd5 22. axb6 axb6 23. Ra7 Bf8 24. Rh4 Rb5 25. Rxe4 Rxb2 26. Bc7 b5 27.
Re2 Rb3 28. Re3 b4 29. c4 Rb2 30. Re2 Rb3 31. Rxe6 Rd3 32. d5 b3 33. Ke2 b2 34.
Rb6 Bc5 35. Rab7 Bxb6 36. Rxb6 Rd4 37. d6 Rxc4 38. d7 R4xc7 39. dxc8=Q+ Rxc8
40. Rxb2 1/2-1/2

[Event "PRVA LIGA CS 2020"]
[Site "Bajina basta"]
[Date "2020.10.13"]
[Round "6.5"]
[White "Nikolic, Dragovan"]
[Black "Colovic, Dusan"]
[Result "0-1"]
[WhiteElo "2192"]
[BlackElo "2255"]
[PlyCount "104"]
[EventDate "2020.10.10"]
[WhiteTeam "ASK - Arandjelovac"]
[BlackTeam "METALAC - G.Milanovac"]

1. c4 e5 2. Nc3 d6 3. g3 f5 4. Bg2 Nf6 5. Nf3 g6 6. O-O Bg7 7. d3 O-O 8. Rb1 h6
9. b4 Nc6 10. b5 Ne7 11. Ne1 g5 12. Nc2 Ng6 13. Ne3 f4 14. Ned5 Nh7 15. e3 Bf5
16. Ne4 Qd7 17. Rb3 c6 18. bxc6 bxc6 19. Nb4 Bg4 20. f3 Be6 21. Qe2 a5 22. Nc2
Rfb8 23. Ba3 Rxb3 24. axb3 Bf8 25. d4 a4 26. b4 Qf7 27. Nd2 Bg7 28. dxe5 Nxe5
29. exf4 gxf4 30. c5 dxc5 31. bxc5 Bf5 32. Nb4 Re8 33. Qa6 Qd7 34. gxf4 Qxd2
35. fxe5 Qe3+ 36. Kh1 Qxa3 37. Qxc6 Rc8 38. Qd5+ Kh8 39. Qd4 Ng5 40. c6 Ne6 41.
Qd7 Rc7 42. Qe8+ Nf8 43. Nd5 Rc8 44. Qf7 Be6 45. Qb7 Qc5 46. Ne7 Re8 47. Ng6+
Nxg6 48. Qb1 Nxe5 49. f4 Ng4 50. h3 Ne3 51. Qc1 Qh5 52. c7 Nxg2 0-1

[Event "PRVA LIGA CS 2020"]
[Site "Bajina basta"]
[Date "2020.10.13"]
[Round "6.5"]
[White "Mijatovic, Dusan"]
[Black "Ivanovic, Lazar"]
[Result "1-0"]
[WhiteElo "2177"]
[BlackElo "2108"]
[PlyCount "101"]
[EventDate "2020.10.10"]
[WhiteTeam "METALAC - G.Milanovac"]
[BlackTeam "ASK - Arandjelovac"]

1. e4 c5 2. Nf3 g6 3. g3 Bg7 4. Bg2 Nc6 5. O-O e6 6. Re1 d6 7. c3 Nge7 8. d3
O-O 9. Be3 Rb8 10. a4 a6 11. Nbd2 b5 12. axb5 axb5 13. d4 b4 14. Nc4 bxc3 15.
bxc3 d5 16. exd5 Nxd5 17. Bg5 Qc7 18. Rc1 h6 19. Bd2 Rd8 20. Nce5 Nxe5 21. Nxe5
Bb7 22. h4 Qd6 23. Rb1 Nxc3 24. Bxc3 Bxg2 25. Kxg2 Bxe5 26. dxe5 Qc6+ 27. Kg1
Rxd1 28. Rxb8+ Kh7 29. Rxd1 Qf3 30. Rdd8 g5 31. Bd2 Kg6 32. hxg5 h5 33. Be3 h4
34. gxh4 Kf5 35. Kf1 Qh3+ 36. Ke1 Qxh4 37. Rd7 Qh1+ 38. Kd2 Kxe5 39. Bxc5 Qc6
40. Bd4+ Ke4 41. Rbd8 Qc4 42. Bb2 e5 43. Rd3 Kf5 44. R8d5 Qf4+ 45. Kd1 Qa4+ 46.
Kc1 Qf4+ 47. Kb1 Qxf2 48. Rxe5+ Kg6 49. Rd6+ Kh7 50. Rh6+ Kg7 51. Re2+ 1-0

[Event "PRVA LIGA CS 2020"]
[Site "Bajina basta"]
[Date "2020.10.13"]
[Round "6.6"]
[White "Kostic, Vladimir G"]
[Black "Budisavljevic, Luka"]
[Result "1/2-1/2"]
[WhiteElo "2289"]
[BlackElo "2454"]
[PlyCount "85"]
[EventDate "2020.10.10"]
[WhiteTeam "KRUSIK - Valjevo"]
[BlackTeam "RUDAR - Kostolac"]

1. e4 c5 2. Nf3 e6 3. d4 cxd4 4. Nxd4 Nc6 5. Nxc6 bxc6 6. Bd3 Nf6 7. Qe2 d5 8.
e5 Nd7 9. O-O Be7 10. Re1 O-O 11. Nd2 a5 12. Qh5 g6 13. Qh3 Ba6 14. Nf3 Re8 15.
Bh6 a4 16. Qg3 Bf8 17. Bxf8 Nxf8 18. Bxa6 Rxa6 19. h4 Qe7 20. h5 Rb8 21. b3
Rba8 22. Rac1 c5 23. Nh2 Rc6 24. Ng4 c4 25. Qf4 Rac8 26. bxa4 c3 27. Nf6+ Kg7
28. Qg5 h6 29. Qxh6+ Kxh6 30. Ng8+ Kxh5 31. Nxe7 Nd7 32. Rb1 Nc5 33. Rb4 Na6
34. Nxc6 Rxc6 35. Rb7 d4 36. g4+ Kg5 37. Kg2 Kxg4 38. Re4+ Kf5 39. Rxd4 Kxe5
40. Rd3 Nc7 41. Rd7 Nd5 42. Rxf7 Ra6 43. Rb3 1/2-1/2

[Event "PRVA LIGA CS 2020"]
[Site "Bajina basta"]
[Date "2020.10.13"]
[Round "6.6"]
[White "Maksimovic, Bojan"]
[Black "Sredojevic, Ivan"]
[Result "1/2-1/2"]
[WhiteElo "2398"]
[BlackElo "2258"]
[PlyCount "73"]
[EventDate "2020.10.10"]
[WhiteTeam "RUDAR - Kostolac"]
[BlackTeam "KRUSIK - Valjevo"]

1. e4 d6 2. d4 Nf6 3. Nc3 e5 4. Nf3 Nbd7 5. Bc4 Be7 6. O-O O-O 7. Re1 c6 8. a4
a5 9. h3 h6 10. Be3 Re8 11. Bb3 Qc7 12. Nh4 Nf8 13. Qf3 Be6 14. Nf5 Bxf5 15.
Qxf5 Bd8 16. Rad1 Qe7 17. dxe5 dxe5 18. Ne2 g6 19. Qf3 Kg7 20. Ng3 N8d7 21. h4
Bb6 22. Bxb6 Nxb6 23. h5 Qb4 24. Re3 Rad8 25. Rxd8 Rxd8 26. Bxf7 Kxf7 27. hxg6+
Kxg6 28. Qf5+ Kf7 29. Rf3 Nbd7 30. Nh5 Qe7 31. Qh7+ Kf8 32. Qxh6+ Kf7 33. Qh7+
Kf8 34. Qh8+ Kf7 35. Qh7+ Kf8 36. Qh8+ Kf7 37. Qh7+ 1/2-1/2